| 000 | 00671nam a2200241 a 4500 | ||
|---|---|---|---|
| 001 | BRCA_4696 | ||
| 005 | 20190320204753.0 | ||
| 008 | 011010s1921----gw-#######---#000-0#ger-# | ||
| 041 | _ager | ||
| 044 | _agw | ||
| 050 | 4 |
_aF1215 _b.K47 1921 |
|
| 100 | 1 |
_aKessler, Harry _cGraf _d1868-1937. _911917 |
|
| 245 | 1 | 0 |
_aNotizen über Mexiko _cHarry graf Kessler. |
| 250 | _a2a ed. | ||
| 260 |
_aLeipzig, Alemania _bInsel Verlag _c1921 |
||
| 300 |
_a141 p. _bil. _c21 cm. |
||
| 500 | _aEstado físico: Encuadernación desprendida | ||
| 500 | _aD69 | ||
| 650 | 1 | 4 |
_aViajeros alemanes _97026 |
| 651 | 4 |
_aMéxico _xDescripción y viajes _9103 |
|
| 902 | _aGFM | ||
| 942 |
_2lcc _cB |
||
| 999 |
_c4396 _d4396 |
||